000 00226 a2200097 4500
001 47333
100 _aTurner G
245 _aNational security in the nuclear age
260 _aLondon
_bStevens sons
_c
090 _c30370
_d30370
942 _aNUST-CAE
_cM
_c22637
999 _c282406
_d282406